Ako sa vyhnúť problémom pri založení a kúpe spoločnosti
Proces založenia novej spoločnosti na Slovensku. Zakladanie nových firiem pomocou predzaložených, takzvaných ready-made spoločností. Komplexné služby registračného a administratívneho typu. Podmienky a poplatky.
Guardado en:
| Autor principal: | |
|---|---|
| Formato: | Capítulo de libro |
| Lenguaje: | eslovaco |
| Materias: | |
| Etiquetas: |
Sin Etiquetas, Sea el primero en etiquetar este registro!
|
MARC
| LEADER | 00000naa a2200000 4500 | ||
|---|---|---|---|
| 001 | 0143549 | ||
| 005 | 20231006124249.3 | ||
| 041 | 0 | |a slo | |
| 044 | |a SK | ||
| 245 | 1 | 0 | |a Ako sa vyhnúť problémom pri založení a kúpe spoločnosti |c Peter Lisy |
| 520 | |a Proces založenia novej spoločnosti na Slovensku. Zakladanie nových firiem pomocou predzaložených, takzvaných ready-made spoločností. Komplexné služby registračného a administratívneho typu. Podmienky a poplatky. | ||
| 610 | 2 | 0 | |a Slovensko |
| 610 | 2 | 0 | |a spoločnosti obchodné |
| 610 | 2 | 0 | |a firmy |
| 610 | 2 | 0 | |a založenie podniku |
| 610 | 2 | 0 | |a zmluvy zakladateľské |
| 610 | 2 | 0 | |a zmluvy spoločenské |
| 610 | 2 | 0 | |a podmienky obchodné |
| 610 | 2 | 0 | |a zabezpečenie záväzkov |
| 610 | 2 | 0 | |a register obchodný |
| 610 | 2 | 0 | |a podnikanie |
| 100 | 1 | |a Lisy, Peter | |